|
|
|
|
| LEADER |
00897nam a2200241 a 4500 |
| 001 |
00012371 |
| 008 |
110411r20001991ii a b 001 0 eng d |
| 010 |
|
|
|a 86009389
|
| 020 |
|
|
|a 8120306937
|
| 040 |
|
|
|a BD-DhAAL
|c BD-DhAAL.
|
| 082 |
0 |
0 |
|a 004.21
|2 22
|
| 100 |
1 |
|
|a Rajaraman, V.
|
| 245 |
1 |
0 |
|a Analysis and design of information systems /
|c V. Rajaraman.
|
| 260 |
|
|
|a New York :
|b Prentice- Hall of India,
|c c1991 [Reprinted 2000]
|
| 300 |
|
|
|a viii, 359 p. :
|b ill. ;
|c 25 cm.
|
| 504 |
|
|
|a Bibliography: p. 355-356.
|
| 500 |
|
|
|a Includes index.
|
| 541 |
|
|
|e 00012371
|
| 650 |
|
0 |
|a System design.
|
| 650 |
|
0 |
|a System analysis.
|
| 852 |
4 |
|
|a Ayesha Abed Library
|j General shelf
|
| 999 |
|
|
|c 10776
|d 10776
|
| 952 |
|
|
|0 0
|1 0
|2 ddc
|4 0
|6 004_210000000000000_RAJ
|7 0
|9 16226
|a BRACUL
|b BRACUL
|c GEN
|d 2011-04-27
|l 2
|m 13
|o 004.21 RAJ
|p 3010012371
|r 2024-01-17
|s 2023-10-21
|t 1
|w 2011-04-27
|y BK
|x Price not available in Register
|